000 01149nam a22003377a 4500
001 00114015
003 DO-SdBPM
005 20260116081323.0
007 00114015
008 160916b2002 it | 00| 0 spa d
020 _a8888405089
040 _aDO-SdBPM
_bspa
_cBPMSU
_erda
082 4 _a759.5
_bD111p 2002
_222
100 1 _aDa Vinci, Leonardo
_eautor
_4aut.
245 1 0 _aPensamientos /
_cLeonardo Da Vinci ; edición Giampietro Schibotto ; traducción Mayerín Bello Valdés
264 _aItalia :
_bArci Solidarieta Cesenate,
_c2002.
300 _a124 páginas .;
_c17 cm.
336 _atexto
_btxt
_2rdacontent
337 _asin mediación
_bn
_2rdamedia
338 _avolumen
_bnc
_2rdacarrier
490 0 _aUn mar de sueños,
_v9
504 _aBibliografía páginas : 215
590 _aInventariado, 2026/VM
600 1 7 _aaLeonardo da Vinci,
_d1452-1519
_x Crítica e interpretación.
650 7 _aPintura italiana.
650 7 _aPintores italianos.
700 1 _aSchibotto, Giampietro,
_eedición
700 1 _aBello Valdés, Mayerín,
_etraducción
910 _aVMateo V. Control de calidad. BPMSU
942 _2ddc
_cBK
999 _c11434
_d11434